The Naming of the Shrew (Shakespeare Names) Quiz Stats

 Plays Quiz not verified by Sporcle

Challenge
Share
Tweet
Embed
Score 0/26 Timer 05:00
0 Plays Today
% Correct
Caesar
92.4%
Capulet
91.5%
Montague
91.5%
Andronicus
89.6%
Goodfellow
66.8%
Wolsey
62.8%
Falstaff
59.8%
Belch
58.7%
Bottom
58.6%
Quickly
54.3%
John
52%
Aguecheek
52%
Glendower
41.4%
% Correct
Cranmer
40.7%
Aufidius
40.3%
la Pucelle
39.8%
Agrippa
39.7%
Minola
39.3%
Percy
37.8%
Bullen
36.1%
Sly
36%
Flute
32.5%
Tearsheet
31.5%
Gobbo
31.2%
Evans
22.5%
Slender
15.3%

You're not logged in!

Compare scores with friends on all Sporcle quizzes.
Join for Free
OR
Log In

You Might Also Like...

Show Comments

Extras

Top Quizzes Today


Score Distribution

Your Account Isn't Verified!

In order to create a playlist on Sporcle, you need to verify the email address you used during registration. Go to your Sporcle Settings to finish the process.

Report this User

Report this user for behavior that violates our Community Guidelines.

Details: